000 00494 a2200157 4500
999 _c7923
_d7923
020 _a9781442611450
050 _aKBP67 KOR 2012
100 _aKorteweg, Anna C.
_eeditor
245 _aDebating Sharia;
_bIslam, gender politics,and family law arbitration/
264 _aLondon:
_bUniversity of Toronto Press;
_c2012
300 _aix,397p.;
500 _aInclude contubition
650 _aRegulating Faith Based Arbitration
700 _aSelby,Jennifer A.
_eeditor
942 _2lcc
_cBK
_h67
_iKOR
_kKBP